000 00343nam a2200133Ia 4500
008 151001s9999||||xx |||||||||||||| ||und||
100 _aमीना - प्रभू
245 _aग्रीकांजली
250 _a1
260 _bपुणे प्रकाशन
260 _c2006
300 _a15
365 _b21
999 _c986983
_d986980